Nové výzvy pre sociálnu politiku v období globálnej krízy
Dňa 27. mája 2010 sa na pôde Ekonomickej univerzity v Bratislave konala medzinárodná konferencia pod názvom Nové výzvy pre sociálnu politiku v období globálnej krízy. Informácia o cieľoch konferencie.
Gespeichert in:
| 1. Verfasser: | |
|---|---|
| Format: | Buchkapitel |
| Sprache: | Slowakisch |
| Schlagworte: | |
| Tags: |
Keine Tags, Fügen Sie das erste Tag hinzu!
|
MARC
| LEADER | 00000naa a2200000 4500 | ||
|---|---|---|---|
| 001 | 0120314 | ||
| 005 | 20240502072341.0 | ||
| 041 | 0 | |a slo | |
| 044 | |a SK | ||
| 245 | 1 | 0 | |a Nové výzvy pre sociálnu politiku v období globálnej krízy |c Mária Husáková |
| 520 | |a Dňa 27. mája 2010 sa na pôde Ekonomickej univerzity v Bratislave konala medzinárodná konferencia pod názvom Nové výzvy pre sociálnu politiku v období globálnej krízy. Informácia o cieľoch konferencie. | ||
| 610 | 2 | 0 | |a politika sociálna |
| 610 | 2 | 0 | |a školy vysoké |
| 610 | 2 | 0 | |a konferencie |
| 610 | 2 | 0 | |a globalizácia |
| 610 | 2 | 0 | |a kríza hospodárska |
| 100 | 1 | |a Husáková, Mária | |